| 000 | 00391 a2200169 4500 | ||
|---|---|---|---|
| 001 | 74666 | ||
| 020 | _a | ||
| 040 | _cAnchieta - Colégio São Paulo | ||
| 100 | _aBraz, Júlio Emílio | ||
| 240 | 1 | 0 |
_aCausos de Pedro Malasartes _lpor |
| 245 | 1 | 0 | _aCausos de Pedro Malasartes |
| 300 | _a47 | ||
| 362 | 0 | _a2011 | |
| 440 | 1 | _aCortez | |
| 650 | 4 | _aLiteratura infanto-juvenil | |
| 942 | _cBK | ||
| 999 |
_c74666 _d74666 |
||